LEADER 01003nam 2200301 450 001 9910412280503321 005 20230822132447.0 035 $a(CKB)5280000000244157 035 $a(NjHacI)995280000000244157 035 $a(EXLCZ)995280000000244157 100 $a20230822d2019 uy 0 101 0 $aeng 135 $aur||||||||||| 181 $ctxt$2rdacontent 182 $cc$2rdamedia 183 $acr$2rdacarrier 200 10$a2019 IEEE/ACM 12th International Workshop on Cooperative and Human Aspects of Software Engineering $eCHASE 2019 : proceedings : 27 May 2019, Montre?al, QC, Canada /$fIEEE Computer Society 210 1$aLos Alamitos, CA :$cIEEE Computer Society,$d[2019] 215 $a1 online resource (xii, 148 pages) 606 $aComputer software$xHuman factors 615 0$aComputer software$xHuman factors. 676 $a004.019 801 0$bNjHacI 801 1$bNjHacl 906 $aBOOK 912 $a9910412280503321 996 $a2019 IEEE$92247201 997 $aUNINA LEADER 01118nam0-22003131i-450 001 990004838250403321 005 20250109095143.0 035 $a(Aleph)000483825FED01 100 $a19990530g19519999km-y0itay50------ba 101 1 $aspa 105 $af 001zy 200 1 $aObras Completas$fde Sor Juana Inès de la Cruz$gedicion, prologo y notas de Alfonso Mèndez Plancarte 210 $aMexico$cFondo de Cultura Economica$d1951 215 $a4 v.$d22 cm 225 1 $aBiblioteca americana$iSerie de Literatura colonial 327 $a1.: Lirica Personal$a2.: Villancicos y Letras Sacras$a3.: Autos y Loas$a4.: Comedias, Sainetes y Prosa 700 1$aJuana Inés :$cde la Cruz$0199413 702 1$aMendez Plancarte,$bAlfonso 702 1$aSalceda,$bAlberto G. 801 0$aIT$bUNINA$gRICA$2UNIMARC 901 $aBK 912 $a990004838250403321 952 $a861.3 JUANA 02 (1)$b5154$fFLFBC 952 $a861.3 JUANA 02 (2)$b5154$fFLFBC 952 $a861.3 JUANA 02 (3)$b5154$fFLFBC 952 $a861.3 JUANA 02 (4)$b5154$fFLFBC 959 $aFLFBC 996 $aObras Completas$9517201 997 $aUNINA